000 00795cam a2200241 a 4500
001 11946729
005 20180306091905.0
008 000320s2001 nyu b 001 0 eng
010 _a 00035589
020 _a0321037898
040 _aDLC
_cDLC
_dDLC
041 _aeng
043 _an-us---
080 _a375.0010973 OLI
082 0 0 _a375.0010973 OLI
_221
100 1 _a25
101 _aEDU
245 1 0 _aDeveloping the curriculum /
_cPeter F. Oliva.
504 _aIncludes bibliographical references and indexes.
906 _a7
_bcbc
_corignew
_d1
_eocip
_f20
_gy-gencatlg
942 _2ddc
_cBK
999 _c44224
_d44224